00642nam a2200193Ia 4500008004100000020001300041082001600054100002400070245005200094250000800146260003600154300002900190500001900219600002100238650005000259942000700309952011700316999001500433240925s9999 xx 000 0 und d a74634917 a005.133 GOT aGottfried, Byron S. 0aSOS Theory and Problems of Programming Wiith C  a2nd aNew York:bMc Graw HIllc,1996. axxxi,655p.bNAfOriginal aIncludes Index aComputer Science aComputer science, information & general works cBK 001040708CSaUITUbUITUd1995-05-29eGiftg798.70l0o005.133 GOTpQ0382r2024-09-25 07:12:04w2024-09-25yBK c2881d2881